[Event "1/64 Finale"]
[Site "www.chess-mail.com"]
[Date "2019.03.14"]
[Round "1"]
[White "Gandalf50"]
[Black "Fabos12"]
[WhiteElo "2240"]
[BlackElo "1980"]
[Result "1-0"]
[Round "1"]
1.e4 e5
2.d4 Nb8c6
3.Ng1f3 d6
4.d5 Nc6e7
5.c4 f5
6.Nb1c3 Ng8f6
7.exf5 Bc8xf5
8.h3 h6
9.Qd1b3 b6
10.g4 Bf5d7
11.Bc1e3 c6
12.O-O-O cxd5
13.cxd5 e4
14.Nf3d4 Qd8c7
15.Nd4e6 Bd7xe6
16.dxe6 Ne7d5
{ time. }
1-0

[Event "1/64 Finale"]
[Site "www.chess-mail.com"]
[Date "2019.03.14"]
[Round "1"]
[White "Claudia"]
[Black "Nevaeh"]
[WhiteElo "1850"]
[BlackElo "2820"]
[Result "0-1"]
[Round "1"]
1.d4 f5
2.e4 fxe4
3.Nb1c3 Ng8f6
4.Bc1g5 g6
5.Bg5xf6 exf6
6.Nc3xe4 d5
7.Ne4g3 Qd8e7
8.Qd1e2 Bc8e6
9.Ng1f3 Bf8h6
10.h4 Nb8c6
11.h5 O-O-O
12.hxg6 hxg6
13.c3 Rd8e8
14.Nf3h4 Nc6xd4
15.Nh4xg6 Qe7c5
16.cxd4 Qc5b4
17.Kd1 Be6d7
{ resign }
0-1

[Event "Match"]
[Site "www.echecsemail.com"]
[Date "2019.03.15"]
[Round "1"]
[White "Amirascarose"]
[Black "Carpablanca"]
[WhiteElo "1490"]
[BlackElo "1809"]
[Result "1-0"]
[Round "1"]
1.e4 g6
2.d4 Bf8g7
3.Ng1f3 d6
4.Bc1f4 Ng8f6
5.e5 dxe5
6.dxe5 Qd8xd1
7.Kxd1 Nf6g4
8.Bf4g3 Nb8c6
9.Bf1b5 Bc8d7
10.Nb1c3 O-O-O
11.Kc1 Nc6xe5
12.Bb5xd7 Rd8xd7
13.h3 Ne5xf3
14.hxg4 Nf3d2
15.Nc3b5 Nd2c4
16.c3 a6
17.Nb5d4 Bg7xd4
18.cxd4 Rh8d8
19.Rh1xh7 Rd7xd4
20.Rh7xf7 e5
21.b3 Nc4d6
22.Bg3xe5 Nd6xf7
23.Be5xd4 Rd8xd4
24.f3 Rd4d8
25.a4 Rd8h8
26.a5 Rh8h1
27.Kb2 Rh1xa1
28.Kxa1 Nf7e5
29.Kb2 Ne5c6
30.Kc3 Nc6xa5
31.f4 Kd7
32.b4 Na5c6
33.Kd3 Nc6xb4
34.Ke4 a5
35.Ke5 a4
36.f5 a3
37.fxg6 a2
38.Kf5 a1Q
39.Kg5  { time }
1-0

[Event "Tourn. n10059"]
[Site "www.echecsemail.com"]
[Date "2019.03.15"]
[Round "1"]
[White "Aiko1603"]
[Black "Picifarkinca"]
[WhiteElo "2170"]
[BlackElo "2050"]
[Result "0-1"]
[Round "1"]
1.c4 e6
2.Nb1c3 Ng8f6
3.g3 c5
4.Bf1g2 Nb8c6
5.Ng1f3 d5
6.cxd5 exd5
7.d4 Bf8e7
8.O-O O-O
9.Bc1g5 b6
10.dxc5 bxc5
11.e3 Bc8e6
12.Qd1a4 Qd8b6
13.Qa4c2 h6
14.Bg5xf6 Be7xf6
15.b3 Nc6b4
16.Qc2d2 Ra8d8
17.Ra1c1 d4
18.Nc3a4 dxe3
19.Qd2xe3 Qb6d6
20.Na4xc5 Be6c8
21.Nc5e4 Qd6a6
22.Ne4xf6 Qa6xf6
23.Qe3xa7 Bc8a6
24.Rf1d1 Rd8xd1
25.Rc1xd1 Ba6e2
26.Rd1d4 Nb4c6
{ resign }
0-1

[Event "Match"]
[Site "www.echecsemail.com"]
[Date "2019.03.15"]
[Round "1"]
[White "Whitekknight"]
[Black "Peterpawn"]
[WhiteElo "1860"]
[BlackElo "1499"]
[Result "0-1"]
[Round "1"]
1.e4 c5
2.Ng1f3 Nb8c6
3.d4 cxd4
4.Nf3xd4 Ng8f6
5.Nd4xc6 bxc6
6.Nb1c3 e6
7.Bf1c4 d5
8.exd5 cxd5
9.Bc4b5 Bc8d7
10.Qd1e2 Bf8e7
11.O-O O-O
12.Bb5d3 d4
13.Nc3e4 e5
14.Bc1d2 Nf6xe4
15.Bd3xe4 Ra8b8
16.Ra1b1 g6
17.Be4d5 Bd7b5
18.Bd5c4 Bb5xc4
19.Qe2xc4 Rb8c8
20.Qc4d3 Qd8c7
21.Rb1c1 Qc7c4
22.Qd3e4 Rc8c5
23.b3 Qc4d5
24.Qe4xd5 Rc5xd5
25.Rf1e1 Rf8d8
26.f4 Be7f6
27.fxe5 Rd5xe5
28.Re1xe5 Bf6xe5
29.Rc1e1 Be5c7
30.Bd2h6 f5
31.Re1e7 Rd8c8
32.g3 Bc7b6
33.Kf1 Rc8xc2
34.Re7g7 Kh8
35.Rg7e7 Rc2c8
36.Re7d7 Rc8c2
37.Bh6g7 Kg8
38.Bg7xd4 Rc2d2
39.Rd7g7 Kf8
40.Bd4c3 Rd2d1
41.Ke2 Rd1g1
42.Kf3 Rg1c1
43.Bc3b2 Rc1f1
{ resign }
0-1

[Event "1/16 Finale"]
[Site "www.chess-mail.com"]
[Date "2019.03.15"]
[Round "1"]
[White "Dougbeer"]
[Black "Guidom"]
[WhiteElo "2570"]
[BlackElo "2170"]
[Result "1-0"]
[Round "1"]
1.e4 e5
2.Bf1c4 Nb8c6
3.Ng1f3 d6
4.c3 Bf8e7
5.Qd1b3 Ng8h6
6.d4 O-O
7.Bc1xh6 gxh6
8.O-O Kg7
9.dxe5 Nc6xe5
10.Nf3xe5 dxe5
11.Rf1d1 Be7d6
12.Rd1d3 Qd8f6
13.Rd3f3 Qf6e7
14.Nb1d2 b6
15.Bc4d5 Ra8b8
16.Nd2c4 f5
17.Nc4xd6 cxd6
18.Rf3g3 Kh8
19.exf5 Bc8xf5
20.Ra1d1 Rb8d8
21.Rg3e3 Qe7g5
22.c4 h5
23.Qb3a3 a5
24.b4 axb4
25.Qa3xb4 Bf5g4
26.Rd1f1 h4
27.h3 Bg4f5
28.f4 exf4
29.Rf1xf4 h5
30.Re3f3 Rf8e8
31.Rf4xf5 Qg5c1
32.Kh2 Re8e1
33.Qb4c3 { resign }
1-0

[Event "Tourn. n10054"]
[Site "www.echecsemail.com"]
[Date "2019.03.16"]
[Round "1"]
[White "Iko"]
[Black "Jackbauer"]
[WhiteElo "1760"]
[BlackElo "1840"]
[Result "1-0"]
[Round "1"]
1.e4 c5
2.d4 cxd4
3.Qd1xd4 Nb8c6
4.Qd4e3 a6
5.Bf1d3 e5
6.f4 Nc6b4
7.Bc1d2 Nb4c6
8.Ng1f3 d6
9.Nb1c3 Ng8f6
10.fxe5 dxe5
11.Nc3a4 Bf8b4
12.c3 Bb4a5
13.c4 Nf6g4
14.Qe3c5 Ba5xd2
15.Kxd2 Qd8f6
16.Na4b6 Qf6f4
17.Kc3 Ng4f6
18.Nb6xa8 Nf6d7
19.Qc5d6 Nc6e7
20.Na8c7 Kf8
21.Ra1f1 Qf4f6
22.c5 Qf6xd6
23.cxd6 Ne7c6
24.Nf3g5 f6
25.Ng5e6 Kf7
26.Bd3c4 Kg6
27.h4 h5
28.Rh1h3 Kh6
29.Rh3g3 Rh8h7
30.Bc4d5 Nc6a5
31.b4 Na5c6
32.Bd5xc6 bxc6
33.Kc4 Nd7b6
34.Kc5 Nb6a4
35.Kxc6 g6
36.Rf1xf6 { resign }
1-0

[Event "Tourn. n10070"]
[Site "www.echecsemail.com"]
[Date "2019.03.16"]
[Round "1"]
[White "Numanoid"]
[Black "Rons"]
[WhiteElo "2720"]
[BlackElo "2680"]
[Result "1-0"]
[Round "1"]
1.d4 Ng8f6
2.Bc1g5 e6
3.e4 h6
4.Bg5xf6 Qd8xf6
5.c3 d6
6.Bf1c4 Bf8e7
7.Ng1e2 O-O
8.O-O c5
9.f4 Nb8c6
10.d5 Nc6a5
11.Bc4d3 Ra8b8
12.Nb1d2 b5
13.Ne2g3 Be7d8
14.Kh1 c4
15.Bd3c2 b4
16.dxe6 Qf6xe6
17.Nd2f3 Qe6e7
18.Nf3d4 g6
19.f5 bxc3
20.bxc3 Rb8b6
21.Qd1d2 g5
22.f6 Qe7e5
23.Rf1f2 Bd8xf6
24.Ra1f1 Bf6g7
25.Rf2f5 Bc8xf5
26.Rf1xf5 Qe5e7
27.Rf5xa5 Rf8b8
28.Qd2d1 Bg7xd4
29.cxd4 Rb6b2
30.h3 Qe7c7
31.Ra5f5 Rb2xa2
32.Qd1h5 Ra2xc2
33.Qh5xh6 { resign }
1-0

[Event "Tourn. n10069"]
[Site "www.echecsemail.com"]
[Date "2019.03.16"]
[Round "1"]
[White "Ditto"]
[Black "Cal"]
[WhiteElo "1710"]
[BlackElo "1860"]
[Result "1-0"]
[Round "1"]
1.d4 d5
2.Ng1f3 h6
3.Bc1f4 Ng8f6
4.e3 a6
5.c4 c6
6.Nb1c3 dxc4
7.Bf1xc4 e6
8.Bf4e5 Bf8b4
9.O-O Bb4xc3
10.bxc3 O-O
11.Bc4b3 Nb8d7
12.Rf1e1 b5
13.Be5d6 Bc8b7
14.e4 Rf8e8
15.Bb3c2 Nd7b6
16.e5 Nf6d5
17.Qd1d3 Nb6c4
18.Qd3h7 { resign }
1-0

[Event "Tourn. n10073"]
[Site "www.echecsemail.com"]
[Date "2019.03.16"]
[Round "1"]
[White "Apdash"]
[Black "Coolant"]
[WhiteElo "2210"]
[BlackElo "2280"]
[Result "1-0"]
[Round "1"]
1.e4 c5
2.Ng1f3 e6
3.d4 cxd4
4.Nf3xd4 a6
5.Bf1c4 Qd8c7
6.Bc4b3 Ng8f6
7.f3 Bf8c5
8.c3 Nb8c6
9.Bc1e3 Bc5d6
10.Nd4xc6 bxc6
11.g3 h5
12.Qd1e2 h4
13.g4 a5
14.Bb3c4 Bd6f4
15.Nb1d2 d5
16.exd5 cxd5
17.Bc4b3 Bc8a6
18.Bb3a4 Ke7
19.Qe2f2 g5
20.Be3c5 Bf4d6
21.Bc5b6 Qc7b7
22.Nd2b3 Ba6c4
23.Nb3xa5 Ra8a6
24.Na5xb7 { resign }
1-0

[Event "Tourn. n10055"]
[Site "www.echecsemail.com"]
[Date "2019.03.16"]
[Round "1"]
[White "Bira47"]
[Black "Francesco"]
[WhiteElo "2050"]
[BlackElo "2030"]
[Result "0-1"]
[Round "1"]
1.c4 Ng8f6
2.g3 g6
3.Bf1g2 Bf8g7
4.Nb1c3 O-O
5.d4 c6
6.b3 d5
7.cxd5 Nf6xd5
8.Nc3xd5 cxd5
9.e3 Nb8c6
10.a3 b6
11.Ng1e2 Bc8g4
12.f3 Bg4d7
13.O-O Ra8c8
14.Bc1d2 e6
15.Ra1c1 Nc6e7
16.Bd2b4 Rf8e8
17.Bb4d6 Rc8xc1
18.Qd1xc1 Bd7b5
19.Rf1e1 Qd8xd6
20.b4 Re8c8
21.Qc1d2 Bb5xe2
22.Re1xe2 Qd6c7
23.Kf2 Qc7c3
24.Qd2b2 Qc3xb2
25.Re2xb2 Rc8c3
26.Rb2a2 Ne7f5
27.e4 Bg7xd4
 { time }
0-1

[Event "Match"]
[Site "www.echecsemail.com"]
[Date "2019.03.16"]
[Round "1"]
[White "D4minance"]
[Black "Tbsundar"]
[WhiteElo "1499"]
[BlackElo "2170"]
[Result "1-0"]
[Round "1"]
1.d4 d5
2.c4 c6
3.Ng1f3 e6
4.g3 Ng8f6
5.Bf1g2 Nf6e4
6.O-O Nb8d7
7.Qd1c2 f5
8.Nb1d2 Bf8d6
9.Nf3e1 Qd8f6
10.e3 O-O
11.Nd2xe4 fxe4
12.f3 exf3
13.Ne1xf3 Qf6e7
14.c5 Bd6c7
15.e4 dxe4
16.Bc1g5 Qe7e8
17.Qc2xe4 Nd7f6
18.Qe4h4 b6
19.Nf3e5 Bc7xe5
20.dxe5 Nf6d5
21.Bg2e4 h5
22.Rf1xf8 Qe8xf8
23.Qh4xh5 Qf8xc5
24.Kg2 Nd5e3
25.Bg5xe3 Qc5xe3
26.Qh5e8 
1-0

[Event "Tourn. n10075"]
[Site "www.echecsemail.com"]
[Date "2019.03.16"]
[Round "1"]
[White "Eugenius"]
[Black "Cal"]
[WhiteElo "1729"]
[BlackElo "1860"]
[Result "1-0"]
[Round "1"]
1.d4 d5
2.c4 dxc4
3.Ng1f3 h6
4.e3 Ng8f6
5.Bf1xc4 a6
6.O-O e6
7.Qd1e2 Bf8d6
8.e4 Nf6g4
9.e5 Bd6e7
10.Qe2e4 c6
11.Qe4xg4 Bc8d7
12.Qg4xg7 Rh8f8
13.Bc1xh6 b5
14.Bc4e2 Bd7c8
15.Qg7h7 Kd7
16.Bh6xf8 Qd8xf8
17.Nb1c3 a5
18.Nc3e4 Kc7
19.Ra1c1 Bc8b7
20.Be2xb5 a4
21.Ne4c5 Be7xc5
22.Rc1xc5 Ra8a5
23.Bb5e2 Ra5xc5
24.dxc5 Nb8d7
25.Nf3g5 Nd7xe5
26.Ng5xe6 { resign }
1-0

[Event "Match"]
[Site "www.echecsemail.com"]
[Date "2019.03.16"]
[Round "1"]
[White "Caspito"]
[Black "Sonny1000"]
[WhiteElo "1800"]
[BlackElo "1560"]
[Result "1-0"]
[Round "1"]
1.e4 e5
2.Ng1f3 f6
3.Nb1c3 c6
4.Bf1c4 f5
5.Nf3xe5 Qd8e7
6.d4 Qe7b4
7.exf5 c5
8.Qd1h5 Kd8
9.Ne5f7 Kc7
10.Bc1f4 d6
11.Bf4xd6 Bf8xd6
12.dxc5 Qb4xb2
13.cxd6 Kb6
14.Nc3a4 Kc6
15.Na4xb2 Ng8f6
16.Qh5f3 Kd7
17.O-O-O Nb8c6
18.Rh1e1 Rh8e8
19.Bc4e6 Re8xe6
20.fxe6 Ke8
21.d7 Bc8xd7
22.Nf7d6 Ke7
23.exd7 Kxd7
24.Qf3b3 Nc6a5
25.Nd6xb7 Kc7
26.Nb7xa5 Ra8b8
27.Re1e7 Nf6d7
28.Re7xd7 Kc8
29.Qb3g8 { resign }
1-0

[Event "Match"]
[Site "www.echecsemail.com"]
[Date "2019.03.16"]
[Round "1"]
[White "Mitja"]
[Black "Bojan"]
[WhiteElo "2130"]
[BlackElo "1900"]
[Result "1-0"]
[Round "1"]
1.d4 g6
2.e3 Bf8g7
3.c3 d5
4.h3 Ng8f6
5.Ng1f3 a6
6.b3 Nf6e4
7.Bc1b2 Nb8c6
8.Nb1d2 Ne4xd2
9.Qd1xd2 Qd8d6
10.Bf1e2 e5
11.Nf3xe5 Nc6xe5
12.dxe5 Qd6xe5
13.Be2f3 c6
14.Ra1b1 Qe5g5
15.Qd2e2 O-O
16.Bf3g4 Bc8e6
17.O-O f5
18.Bg4f3 Ra8e8
19.Qe2d1 f4
20.Rf1e1 Be6xh3
21.exf4 Re8xe1
22.Qd1xe1 Rf8xf4
23.Bb2c1 Bh3f5
24.Bc1xf4 Qg5xf4
25.Qe1e8 Bg7f8
26.Rb1e1 Qf4c7
27.g4 Bf5d7
28.Re1e7 Qc7f4
29.Re7xd7 Qf4xf3
30.Qe8e6 Kh8
31.Rd7xb7 Bf8c5
32.Qe6e5 Kg8
33.Qe5g7 { resign }
1-0

[Event "Match"]
[Site "www.echecsemail.com"]
[Date "2019.03.16"]
[Round "1"]
[White "Gambitmiau"]
[Black "Dussek"]
[WhiteElo "1880"]
[BlackElo "1920"]
[Result "0-1"]
[Round "1"]
1.e4 c6
2.Bf1c4 e5
3.Qd1f3 Ng8f6
4.d3 Bf8e7
5.Bc1g5 d5
6.Bg5xf6 Be7xf6
7.exd5 Bc8d7
8.Nb1c3 O-O
9.Nc3e4 b5
10.Ne4xf6 Qd8xf6
11.Qf3xf6 gxf6
12.dxc6 Bd7xc6
13.Bc4xb5 Bc6xb5
14.c4 Bb5c6
15.Ng1f3 Bc6xf3
16.gxf3 Nb8c6
17.Rh1g1 Kh8
18.Rg1g5 fxg5
19.Kd2 Nc6d4
20.Kc3 Nd4xf3
21.Ra1h1 Rf8d8
22.h3 Nf3d4
23.h4 g4
24.Rh1e1 f6
25.b3 Nd4f3
26.Re1e4 h5
27.c5 f5
28.b4 fxe4
29.dxe4 Nf3xh4
30.Kc4 Rd8d4
{ resign }
0-1

[Event "Tourn. n10087"]
[Site "www.echecsemail.com"]
[Date "2019.03.17"]
[Round "1"]
[White "Picifarkinca"]
[Black "Bojan"]
[WhiteElo "2110"]
[BlackElo "2020"]
[Result "0-1"]
[Round "1"]
1.e4 e5
2.Ng1f3 d6
3.Bf1c4 Qd8f6
4.d4 Nb8c6
5.Nb1c3 h6
6.Bc4b5 Bc8d7
7.Nc3d5 Qf6d8
8.O-O Ng8f6
9.Nd5xf6 Qd8xf6
10.Bc1e3 Ra8d8
11.d5 Nc6e7
12.Bb5xd7 Kxd7
{ resign }
0-1

[Event "Tourn. n10087"]
[Site "www.echecsemail.com"]
[Date "2019.03.17"]
[Round "1"]
[White "Fegatux"]
[Black "Fantomas"]
[WhiteElo "2240"]
[BlackElo "2240"]
[Result "1-0"]
[Round "1"]
1.d4 d5
2.c4 c6
3.Ng1f3 Bc8f5
4.Nb1c3 e6
5.g3 Ng8f6
6.Bf1g2 h6
7.O-O dxc4
8.Nf3e5 Nb8d7
9.Ne5xc4 Nf6d5
10.e4 Nd5xc3
11.bxc3 Bf5h7
12.d5 e5
13.dxc6 bxc6
14.Nc4d6 Bf8xd6
15.Qd1xd6 Qd8f6
16.Bc1a3 Qf6xd6
17.Ba3xd6 f6
18.Ra1b1 Bh7g8
19.Rb1b7 Bg8e6
20.f4 g5
21.fxe5 fxe5
22.a4 Rh8h7
23.Rb7c7 Rh7f7
24.Rf1xf7 Kxf7
25.Rc7xc6 { resign }
1-0

[Event "Match"]
[Site "www.echecsemail.com"]
[Date "2019.03.17"]
[Round "1"]
[White "Shallowthink"]
[Black "Chapi"]
[WhiteElo "1809"]
[BlackElo "2080"]
[Result "1-0"]
[Round "1"]
1.d4 d5
2.c4 c6
3.Ng1f3 Bc8g4
4.Nf3e5 Bg4f5
5.cxd5 cxd5
6.e4 Bf5xe4
7.Bf1b5 Nb8c6
8.Ne5xc6 Qd8c8
9.Nc6xa7 { resign }
1-0

[Event "Tourn. n10073"]
[Site "www.echecsemail.com"]
[Date "2019.03.17"]
[Round "1"]
[White "Coolant"]
[Black "Picifarkinca"]
[WhiteElo "2280"]
[BlackElo "2080"]
[Result "1-0"]
[Round "1"]
1.c4 Ng8f6
2.Nb1c3 e6
3.g3 c5
4.Bf1g2 Nb8c6
5.Ng1f3 d6
6.O-O Bf8e7
7.d4 d5
8.dxc5 Be7xc5
9.cxd5 Nf6xd5
10.Nc3e4 Bc5e7
11.Qd1b3 O-O
12.Rf1d1 Qd8b6
13.Qb3xb6 Nd5xb6
14.Bc1f4 Nb6d5
15.Bf4d6 Be7xd6
16.Ne4xd6 Ra8b8
17.e4 Nd5f6
18.Ra1c1 { resign }
1-0

[Event "Tourn. n10085"]
[Site "www.echecsemail.com"]
[Date "2019.03.18"]
[Round "1"]
[White "Bojan"]
[Black "Fabos12"]
[WhiteElo "1980"]
[BlackElo "1890"]
[Result "1-0"]
[Round "1"]
1.e4 e5
2.Bf1c4 Nb8c6
3.Nb1c3 b6
4.Qd1f3 Ng8f6
5.a3 Bc8b7
6.Nc3d5 Nc6d4
7.Qf3d3 Nf6xd5
8.exd5 c5
{ time. }
1-0

[Event "Tourn. n10062"]
[Site "www.echecsemail.com"]
[Date "2019.03.18"]
[Round "1"]
[White "Souricette64"]
[Black "Fabos12"]
[WhiteElo "1799"]
[BlackElo "1980"]
[Result "1-0"]
[Round "1"]
1.e4 e5
2.Ng1f3 Nb8c6
3.Bf1c4 h6
4.c3 Ng8f6
5.d3 Bf8c5
6.O-O d6
7.h3 Bc8e6
8.Bc4b5 a6
9.Bb5a4 g5
10.d4 Be6c4
11.dxc5 Bc4xf1
12.Ba4xc6 bxc6
13.Qd1xf1 Nf6xe4
14.cxd6 Qd8xd6
15.Nb1d2 f5
{ time. }
1-0

[Event "Tourn. n10055"]
[Site "www.echecsemail.com"]
[Date "2019.03.18"]
[Round "1"]
[White "Francesco"]
[Black "Add"]
[WhiteElo "2060"]
[BlackElo "2200"]
[Result "1-0"]
[Round "1"]
1.e4 d5
2.exd5 Qd8xd5
3.c4 Qd5e5
4.Qd1e2 Qe5xe2
5.Bf1xe2 e5
6.Ng1f3 f6
7.O-O Bf8c5
8.a3 e4
9.Nf3e1 Nb8c6
10.b4 Nc6d4
11.Be2h5 g6
12.Bh5d1 Bc5d6
13.d3 Bd6e5
14.Ra1a2 Bc8e6
15.Nb1d2 O-O-O
16.dxe4 Nd4b5
17.Ra2c2 Nb5c3
18.Ne1f3 Nc3xd1
19.Rf1xd1 Ng8e7
20.Nf3xe5 fxe5
21.b5 Rd8d7
22.Bc1b2 Rh8d8
23.Bb2c1 Rd7d4
24.Rd1e1 g5
25.Nd2f3 g4
26.Nf3xd4 Rd8xd4
27.Bc1b2 Rd4xc4
28.Rc2xc4 Be6xc4
29.Bb2xe5 Bc4xb5
30.Re1c1 Bb5c6
31.f3 gxf3
32.gxf3 Ne7g6
33.Be5g3 h5
34.Rc1c5 h4
35.Bg3f2 Bc6e8
36.Rc5h5 b6
37.Bf2xh4 Ng6xh4
38.Rh5xh4 a5
39.Kf2 b5
40.Ke3 b4
41.axb4 axb4
42.Kd3 Be8b5
43.Kc2 Bb5a4
44.Kb2 c5
45.e5 Kd7
46.Rh4c4 Kc6
47.h4 Kd5
48.Rc4c1 c4
49.h5 c3
50.Kb1 Ba4e8
51.h6 Be8g6
52.Ka2 Kc4
53.e6 b3
54.Ka3 b2
55.Rc1e1 b1Q
56.Re1xb1 Bg6xb1
57.e7 c2
58.Kb2 { resign }
1-0

[Event "Tourn. n10062"]
[Site "www.echecsemail.com"]
[Date "2019.03.18"]
[Round "1"]
[White "Andychesston"]
[Black "Bojan"]
[WhiteElo "2000"]
[BlackElo "1990"]
[Result "0-1"]
[Round "1"]
1.e4 b6
2.d4 e6
3.Bf1c4 Bc8b7
4.Nb1c3 c6
5.Bc1f4 d5
6.Bc4b3 Qd8f6
7.Bf4g3 Nb8d7
8.e5 Qf6g6
9.Qd1f3 Ng8e7
10.Ng1e2 h5
11.O-O-O f6
12.Ne2f4 Qg6f7
13.Rh1e1 g5
14.exf6 gxf4
15.Qf3xf4 Nd7xf6
16.Qf4e5 h4
17.Bg3f4 Ne7g6
18.Qe5xe6 Qf7xe6
19.Re1xe6 Kf7
20.Re6xf6 Kxf6
21.Bf4e3 Ra8e8
22.Rd1e1 Bf8b4
23.Kd2 Bb4xc3
24.Kxc3 Ng6f4
25.g3 hxg3
26.hxg3 Nf4g2
27.Re1f1 Bb7a6
28.Rf1d1 Ng2xe3
29.fxe3 Re8xe3
30.Kb4 Re3xg3
31.c3 Rh8h2
32.c4 Ba6xc4
33.Bb3xc4 a5
34.Ka4 dxc4
35.Rd1f1 Ke6
36.Rf1e1 Kd5
37.Re1e5 Kxd4
38.Re5b5 cxb5
39.Kxb5 Rh2xb2
40.Ka6 Rg3g6
41.a4 Kc5
42.Ka7 b5
43.axb5 Kxb5
44.Ka8 Rb2h2
{ resign }
0-1

[Event "Tourn. n10066"]
[Site "www.echecsemail.com"]
[Date "2019.03.18"]
[Round "1"]
[White "Numanoid"]
[Black "Dougbeer"]
[WhiteElo "2720"]
[BlackElo "2550"]
[Result "1-0"]
[Round "1"]
1.e4 e6
2.d4 d5
3.e5 c5
4.c3 Nb8c6
5.Ng1f3 Bc8d7
6.Bf1e2 Ng8e7
7.O-O Ne7g6
8.g3 Bf8e7
9.h4 O-O
10.h5 Ng6h8
11.dxc5 Be7xc5
12.b4 Bc5b6
13.b5 Nc6e7
14.c4 Ra8c8
15.Nb1d2 f6
16.exf6 Rf8xf6
17.Bc1b2 Rf6h6
18.Nf3e5 Ne7f5
19.Kg2 Bb6d4
20.Bb2xd4 Nf5xd4
21.a4 Nh8f7
22.Ne5xf7 Kxf7
23.Nd2f3 Nd4xe2
24.Nf3e5 Kg8
25.Qd1xe2 Bd7e8
26.g4 dxc4
27.Rf1d1 Qd8e7
28.Ra1c1 c3
29.Rd1d3 Qe7a3
30.Ne5g6 hxg6
31.Qe2xe6 Kh7
32.Rc1h1 Qa3c5
33.hxg6 Be8xg6
34.Rh1xh6 Kxh6
35.f4 { resign }
1-0

[Event "Match"]
[Site "www.echecsemail.com"]
[Date "2019.03.18"]
[Round "1"]
[White "Mitja"]
[Black "Bojan"]
[WhiteElo "2120"]
[BlackElo "1920"]
[Result "1-0"]
[Round "1"]
1.d4 d5
2.e3 a6
3.c3 Nb8c6
4.h3 Ng8f6
5.b3 e5
6.dxe5 Nc6xe5
7.Bc1b2 Bc8e6
8.Ng1f3 Bf8d6
9.Nf3xe5 Bd6xe5
10.Nb1d2 c6
11.Nd2f3 Be5c7
12.Bf1e2 Qd8e7
13.Nf3d4 Be6d7
14.c4 dxc4
15.Be2xc4 b5
16.Bc4e2 Bc7a5
17.Kf1 Ra8d8
18.Qd1c2 Rd8c8
19.Qc2d3 g6
20.a3 O-O
21.b4 Ba5b6
22.Nd4f3 Rf8d8
23.Qd3c3 Kg7
24.Nf3e5 Bd7f5
25.Be2g4 Bf5xg4
26.Ne5xg4 Rd8d6
27.Ng4xf6 Rd6xf6
28.Qc3xf6 Qe7xf6
29.Bb2xf6 Kxf6
30.Ke2 Rc8e8
31.Rh1d1 Ke6
32.Rd1d3 Bb6c7
33.Ra1c1 Bc7b8
34.Rc1xc6 Ke7
35.Rc6xa6 h5
36.Ra6b6 Re8c8
37.Rb6xb5 f6
38.Rb5b7 Ke6
39.a4 Bb8e5
40.b5 Rc8c2
41.Rd3d2 Rc2c4
42.f4 Be5d6
43.Rd2a2 Bd6c5
44.Rb7c7 Kd6
45.Rc7c6 Kd5
46.Kf3 Rc4c3
47.Ra2d2 Kc4
48.Rc6e6 Rc3a3
49.Re6e4 Kc3
50.Ke2 f5
51.Re4e6 Ra3xa4
52.Re6xg6 Kc4
53.b6 Ra4b4
54.Rg6g5 Rb4b3
55.Rd2c2 Kb5
56.Rc2xc5 Kxc5
57.Rg5xf5 Kxb6
58.Rf5xh5 Kc6
59.Rh5e5 Kd6
60.h4 Rb3b8
61.g4 Rb8b1
62.h5 Rb1h1
63.Kf3 Rh1f1
64.Ke4 Rf1f2
65.Kf5 Rf2a2
66.g5 Ra2g2
67.h6 Rg2h2
68.Re5e6 Kd7
69.e4 Rh2a2
70.h7 Ra2h2
71.g6 Rh2h5
72.Kf6 Rh5h6
73.f5 { resign }
1-0

[Event "Match"]
[Site "www.echecsemail.com"]
[Date "2019.03.18"]
[Round "1"]
[White "D4minance"]
[Black "Caspito"]
[WhiteElo "1499"]
[BlackElo "1860"]
[Result "1-0"]
[Round "1"]
1.d4 g6
2.c4 Bf8g7
3.g3 Ng8f6
4.Bf1g2 c6
5.e4 O-O
6.Nb1c3 d6
7.Ng1f3 Bc8g4
8.h3 Bg4xf3
9.Bg2xf3 e5
10.d5 Nb8d7
11.dxc6 bxc6
12.Qd1xd6 a5
13.Bc1e3 Qd8c8
14.Nc3a4 Rf8d8
15.Ra1d1 Ra8a7
16.Be3xa7 Qc8a6
17.Ba7e3 Qa6xc4
18.Na4b6 Qc4xa2
19.Qd6c7 Rd8f8
20.Nb6xd7 Nf6xd7
21.Qc7xd7 Qa2xb2
22.O-O a4
23.Be3c5 { resign }
1-0

[Event "Fast Game"]
[Site "www.echecsemail.com"]
[Date "2019.03.18"]
[Round "1"]
[White "Fabos12"]
[Black "Esperanza"]
[WhiteElo "1770"]
[BlackElo "1869"]
[Result "0-1"]
[Round "1"]
1.d4 Ng8f6
2.Ng1f3 g6
3.c4 Bf8g7
4.Nb1c3 O-O
5.e4 d6
6.Bf1d3 Nb8c6
7.O-O e5
8.d5 Nc6e7
9.h3 Nf6d7
10.Bc1e3 { time. }
0-1

[Event "Match"]
[Site "www.echecsemail.com"]
[Date "2019.03.19"]
[Round "1"]
[White "Babedad"]
[Black "Darknight"]
[WhiteElo "2200"]
[BlackElo "1960"]
[Result "1-0"]
[Round "1"]
1.Ng1f3 d5
2.g3 e6
3.Bf1g2 h6
4.O-O Ng8f6
5.d3 Nb8c6
6.Nb1d2 g5
7.Rf1e1 g4
8.Nf3h4 h5
9.e4 d4
10.f4 e5
11.Nd2c4 Bf8e7
12.Nc4xe5 Nc6xe5
13.fxe5 Nf6d7
14.Nh4f5 Nd7xe5
15.Nf5g7 Kd7
16.Bc1f4 Ne5c6
17.Ng7f5 Ke6
18.c4 dxc3
19.Qd1b3 Kd7
20.bxc3 h4
21.Qb3xf7  { time }
1-0

[Event "Tourn. n10056"]
[Site "www.echecsemail.com"]
[Date "2019.03.19"]
[Round "1"]
[White "Odin"]
[Black "Alcon"]
[WhiteElo "1930"]
[BlackElo "1920"]
[Result "1-0"]
[Round "1"]
1.d4 e6
2.e4 d5
3.e5 c5
4.c3 Nb8c6
5.Bf1b5 Qd8b6
6.Qd1e2 cxd4
7.cxd4 Qb6xd4
8.Nb1c3 Bc8d7
9.Ng1f3 Qd4b6
10.O-O a6
11.Bb5d3 g6
12.Nc3a4 Qb6c7
13.Bc1f4 Bf8g7
14.Na4c5 Ng8e7
15.Rf1e1 O-O
16.Nf3g5 h6
17.Ng5f3 b5
18.Ra1c1 Rf8d8
19.Nc5b3 Qc7b7
20.Nb3c5  { time }
1-0

[Event "Tourn. n10065"]
[Site "www.echecsemail.com"]
[Date "2019.03.19"]
[Round "1"]
[White "Apdash"]
[Black "Fantomas"]
[WhiteElo "2230"]
[BlackElo "2160"]
[Result "0-1"]
[Round "1"]
1.e4 e5
2.Ng1f3 Nb8c6
3.Bf1b5 a6
4.Bb5xc6 dxc6
5.Nf3xe5 Qd8d4
6.Ne5f3 Qd4xe4
7.Qd1e2 Qe4xe2
8.Kxe2 Bf8e7
9.d4 Bc8f5
10.c3 O-O-O
11.Nf3e5 Bf5e6
12.f4 f6
13.Ne5f3 Be6d5
14.Bc1e3 Ng8h6
15.h3 Rh8e8
16.Kf2 Nh6f5
17.Rh1e1 Nf5xe3
18.Re1xe3 c5
19.Nb1d2 Be7d6
20.g3 cxd4
21.Nf3xd4 Bd6c5
22.Re3xe8 Rd8xe8
23.Nd2f3 c6
24.Ra1e1 Re8xe1
25.Nf3xe1 Bc5xd4
26.cxd4 Bd5xa2
27.Ke3 Ba2d5
28.Kd3 Kd7
29.b4 b6
30.g4 a5
31.bxa5 bxa5
32.Kc3 a4
33.Kb4 Bd5b3
34.Ne1d3 Kd6
35.Kc3 g6
36.Nd3c5 f5
37.Nc5xb3 axb3
38.Kxb3 Kd5
39.Kc3 Ke4
40.Kc4 Kxf4
41.gxf5 gxf5
42.Kc5 Ke4
43.Kxc6 Kxd4
44.Kd6 f4
{ resign }
0-1

[Event "Match"]
[Site "www.echecsemail.com"]
[Date "2019.03.19"]
[Round "1"]
[White "Ssharp"]
[Black "Ff333"]
[WhiteElo "2300"]
[BlackElo "2030"]
[Result "1-0"]
[Round "1"]
1.e4 e5
2.f4 d6
3.Ng1f3 Bc8g4
4.Bf1c4 exf4
5.d4 Nb8c6
6.O-O Ng8f6
7.Nb1c3 Qd8e7
8.Bc1xf4 O-O-O
9.d5 Nc6e5
10.Bc4e2 Ne5xf3
11.Be2xf3 Bg4xf3
12.Qd1xf3 h6
13.Ra1e1 Qe7d7
14.h3 Rd8e8
15.Re1e3 g6
16.a4 a6
17.b4 Bf8g7
18.Kh1 Nf6h5
19.Bf4h2 Rh8f8
20.b5 Bg7xc3
21.Re3xc3 Re8e7
22.bxa6 f5
23.a7 Qd7xa4
24.Rc3a3 Re7xe4
25.a8Q { resign }
1-0

[Event "Tourn. n10091"]
[Site "www.echecsemail.com"]
[Date "2019.03.19"]
[Round "1"]
[White "Estonia"]
[Black "Claudia"]
[WhiteElo "1970"]
[BlackElo "1910"]
[Result "0-1"]
[Round "1"]
1.c4 c5
2.Nb1c3 d6
3.Ng1f3 Ng8f6
4.g3 e6
5.Bf1g2 Bf8e7
6.O-O O-O
7.d4 cxd4
8.Nf3xd4 a6
9.Nc3e4 Nb8d7
10.Bc1d2 Qd8c7
11.Ra1c1 Nf6xe4
12.Bg2xe4 Nd7f6
13.Be4g2 Bc8d7
14.b4 Ra8c8
15.a4 b6
16.b5 a5
17.Nd4c6 Bd7xc6
18.Bg2xc6 Nf6d7
19.Bd2c3 Be7f6
20.Bc6xd7 Qc7xd7
21.Bc3xf6 gxf6
22.e4 Rc8c5
23.f4 Rf8c8
24.Qd1g4 Kh8
25.Qg4h4 Qd7d8
26.f5 Rc5xc4
27.Rc1xc4 Rc8xc4
28.Qh4h5 Qd8e7
29.Rf1f4 Qe7f8
30.Rf4h4 h6
31.Qh5d1 Kh7
32.Qd1b3 d5
33.fxe6 fxe6
34.exd5 Qf8c5
35.Kg2 Qc5xd5
36.Kh3 Rc4xh4
37.gxh4 Qd5xb3
{ resign }
0-1

[Event "Tourn. n10072"]
[Site "www.echecsemail.com"]
[Date "2019.03.19"]
[Round "1"]
[White "Bojan"]
[Black "Picifarkinca"]
[WhiteElo "1910"]
[BlackElo "2080"]
[Result "1-0"]
[Round "1"]
1.e4 e5
2.g3 d5
3.Bf1g2 dxe4
4.Bg2xe4 Ng8f6
5.Be4g2 Bf8c5
6.f3 O-O
7.d3 Qd8d4
8.Qd1e2 Nb8c6
9.c3 Qd4d8
10.Ng1h3 Bc8f5
11.Bg2f1 Qd8d7
12.Nh3f2 Bc5xf2
13.Kxf2 Ra8d8
14.Bc1g5 Bf5xd3
15.Qe2e3 Bd3xf1
16.Rh1xf1 Qd7f5
17.Kg2 Rd8d3
18.Qe3c1 h6
19.Bg5xf6 Qf5xf6
20.Nb1d2 Rf8d8
21.Nd2e4 Qf6e7
22.Qc1c2 f5
23.Ne4f2 Rd3d2
24.Qc2b3 Kh7
25.Qb3xb7 { resign }
1-0